000 00578nam a2200205 a 4500
001 BRCA_5728
005 20190320205208.0
008 040311s1909----mx-######w---o000-0#spa-#
041 _aspa
044 _amx
050 4 _aKGF3924
_b.L49 1909
245 1 0 _aLey Minera de los Estados Unidos Mexicanos
_cSecretaría de Fomento.
260 _aMéxico
_bImprenta y Fototipia de la Secretaría de Fomento
_c1909
300 _a42 p.
_c23 cm.
500 _aH47
650 1 4 _aLey Minera
_zMéxico
_914537
710 2 _aSecretaría de Fomento
_914538
902 _aGFM
942 _2lcc
_cB
999 _c5418
_d5418